| 000 | 00335nam a22001337a 4500 | ||
|---|---|---|---|
| 020 | _a9789381617021 | ||
| 082 |
_a664.02 _bAND/ST |
||
| 245 | _aStorage of Cereal Grains and their Products | ||
| 260 |
_aNew Delhi _bBio - Green Books _c2013 |
||
| 300 | _a515 | ||
| 700 |
_aAnderson, J.A. _9929 |
||
| 700 |
_aAlcock, A.W _9930 |
||
| 942 | _cBK | ||
| 999 |
_c14533 _d14533 |
||